| 000 | 00683nam a2200229Ia 4500 | ||
|---|---|---|---|
| 005 | 20250508165000.0 | ||
| 008 | 008 250505s9999 xx 000 0 eng d | ||
| 020 | _a978-1-107-40012-2 | ||
| 037 | _aTextual | ||
| 040 |
_aFEDL _beng _cFEDL |
||
| 041 |
_aeng _2eng |
||
| 084 |
_a418.007 1, BAC _qFEDL |
||
| 100 |
_aBachman Lyle F _9582571 |
||
| 245 | 0 | _aStatistical analyses for language assessment | |
| 250 | _aSouth Asian Edition | ||
| 260 |
_aDelhi, India _bCambridge University Press _c2010 |
||
| 300 | _axii,364p | ||
| 365 |
_aINR _b375 |
||
| 490 | _aCambridge Language Assessment Series | ||
| 942 |
_cTEXL _h418.007 1, BAC |
||
| 999 |
_c1392475 _d1392475 |
||